[Event "Bayern-ch Seniors 24nd"]
[Site "Bergen"]
[Date "2012.06.22"]
[Round "7"]
[White "Ewald, Frithjof"]
[Black "Schoeffer, Juergen"]
[Result "1-0"]
[WhiteElo "1327"]
[BlackElo "1201"]
[PlyCount "65"]
[EventDate "2012.06.16"]
[EventType "swiss"]
[EventRounds "9"]
[EventCountry "GER"]
[SourceTitle "EXT 2015"]
[Source "ChessBase"]
[SourceDate "2014.11.20"]
[SourceVersion "1"]
[SourceVersionDate "2014.11.20"]
[SourceQuality "1"]

1. e4 e5 2. Nf3 d6 3. Bc4 Nf6 4. d3 h6 5. h3 a6 6. Nc3 c6 7. a3 b5 8. Ba2 Nbd7 9. d4 exd4 10. Nxd4 Bb7 11. Qe2 Be7 12. Bf4 0-0 13. Qe3 Ne5 14. Nf5 Nc4 15. Bxc4 bxc4 16. g4 d5 17. 0-0-0 Re8 18. Nxg7 Bc5 19. Qxc5 Kxg7 20. e5 Nd7 21. Qd4 f6 22. Rhe1 fxe5 23. Bxe5+ Nxe5 24. Rxe5 Qf6 25. Rde1 Rxe5 26. Rxe5 Kf7 27. Rf5 Qxf5 28. gxf5 Rg8 29. Ne2 Bc8 30. Ng3 Re8 31. Kd2 Re7 32. Qh4 Rb7 33. Qh5+ 1-0

[Event "Bayern-ch Seniors 24nd"]
[Site "Bergen"]
[Date "2012.06.19"]
[Round "4"]
[White "Stephan, Hubert"]
[Black "Schoeffer, Juergen"]
[Result "1-0"]
[WhiteElo "1425"]
[BlackElo "1201"]
[PlyCount "63"]
[EventDate "2012.06.16"]
[EventType "swiss"]
[EventRounds "9"]
[EventCountry "GER"]
[SourceTitle "EXT 2015"]
[Source "ChessBase"]
[SourceDate "2014.11.20"]
[SourceVersion "1"]
[SourceVersionDate "2014.11.20"]
[SourceQuality "1"]

1. e4 e5 2. Nf3 d6 3. h3 Nf6 4. Nc3 a6 5. d4 exd4 6. Nxd4 b5 7. a3 Bb7 8. Bd3 h6 9. 0-0 Be7 10. Nf5 Bf8 11. Be3 Nbd7 12. Qd2 Ne5 13. f4 Nc4 14. Bxc4 bxc4 15. Qd4 Bc8 16. Qxc4 Bxf5 17. exf5 c5 18. Rad1 Nd7 19. Nd5 Nb6 20. Qe4+ Be7 21. f6 Nxd5 22. Rxd5 gxf6 23. Bxc5 0-0 24. Rfd1 Re8 25. Qf5 Bf8 26. Bxd6 Qb6+ 27. Kh2 Qxb2 28. Bxf8 Rxf8 29. Rd6 Qxa3 30. Qxf6 Rae8 31. R1d3 Qb4 32. Rg3+ 1-0

[Event "Bayern-ch Seniors 22nd"]
[Site "Bergen"]
[Date "2010.06.15"]
[Round "4"]
[White "Schoeffer, Juergen"]
[Black "Malik, Rosemarie"]
[Result "1/2-1/2"]
[WhiteElo "1254"]
[BlackElo "1315"]
[PlyCount "41"]
[EventDate "2010.06.12"]
[EventType "swiss"]
[EventRounds "9"]
[EventCountry "GER"]
[SourceTitle "EXT 2011"]
[Source "ChessBase"]
[SourceDate "2010.11.26"]
[SourceVersion "1"]
[SourceVersionDate "2010.11.26"]
[SourceQuality "1"]

1. e4 d6 2. d4 Nf6 3. Nc3 Nc6 4. h3 g6 5. Nf3 Bg7 6. a3 0-0 7. d5 Ne5 8. Nxe5 dxe5 9. Be2 e6 10. dxe6 Bxe6 11. 0-0 c6 12. b4 Qc7 13. Be3 Rfd8 14. Qc1 Ne8 15. Na4 b6 16. c4 f6 17. c5 b5 18. Nc3 a6 19. Rb1 Rd7 20. Bd1 Rad8 21. Bb3 1/2-1/2